zpět

Detail výsledku týmu

Jazz Tibet Club, Olomouc

Datum a čas kvízu

19 Celkem bodů Celkový počet nahraných bodů na tomto kvízu bez doplňovacích otázek.
12. Pořadí na kvízu Konečné umístění týmu na tomto kvízu.

Zaznamenané odpovědi

# Otázka Odpověď Body Výsledky
1. Linka metra B v úseku Florenc... kotě (kočka) 0
2. Na nedávno odhalené bronzové s... Alžběta II., princ Filip 0
3. Slavná americká rocková kapela... Bon Jovi 0
4. Londýnský obchodní dům s luxus... Harrods 0
5. Minulý týden se náš fotbal dos... v Ústí nad Labem 1
6. Může to být alergie, dieta, ne... lněná 0
7. Ve zdravých receptech se můžem... z cukety 0
8. Asi nepřekvapí, že ve stavu be... tortilly 0
9. Tento sirup, kterým lze sladit... z čekanky 0
10. Naprostým mistrem v nahrazován... nedávejte tam nic 0